| 000 | 00542nam a2200181 a 4500 | ||
|---|---|---|---|
| 001 | 25 | ||
| 003 | CDMR | ||
| 005 | 20130307162818.0 | ||
| 008 | 130130s1999||||||||||||||||||||||||||||d | ||
| 020 | _a8493038407 | ||
| 040 |
_aCDMR _bcat _cCPC GIRONA |
||
| 100 | 1 |
_aArguimbau, Miquel _926 |
|
| 245 | 1 | 0 |
_aMemòries de Radio Juventud _b: la ràdio "Al mil por mil" _cMiquel Arguimbau Latorre |
| 260 |
_bDiputació de Barcelona _a[Barcelona] |
||
| 260 |
_c1999 _bCol·legi de Periodistes de Catalunya |
||
| 490 | 0 |
_aVaixells de Paper _v26 |
|
| 942 |
_cMON _2udc |
||
| 999 |
_c25 _d25 |
||